Biggest African Cities within 100 Km - Statistics

General Stats
  • This quiz has been taken 1,406 times
  • The average score is 62 of 587
Answers on the Map
Answers color-coded by a green-red scale on the quiz's map according to % correct below.
 
Answer Stats
Country Lat Lon Pop Dist to larger City % Correct
Egypt 30.04996035 31.24996822 16,800,000 2,899,392 Cairo
95%
South Africa -26.17004474 28.03000972 13,400,000 4,483,581 Johannesburg
88%
South Africa -33.92001097 18.43498816 4,125,000 1,261,454 Cape Town
87%
Egypt 31.20001935 29.94999589 5,150,000 178,294 Alexandria
86%
Algeria 36.7630648 3.05055253 3,675,000 518,376 Algiers
86%
Tunisia 36.80277814 10.1796781 2,500,000 570,385 Tunis
86%
Nigeria 6.443261653 3.391531071 17,100,000 6,366,857 Lagos
85%
Morocco 33.59997622 -7.616367433 4,175,000 831,660 Casablanca
83%
Ethiopia 9.033310363 38.70000443 3,475,000 987,453 Addis Ababa
81%
Democratic Republic of the Congo -4.329724102 15.31497188 10,600,000 1,781,875 Kinshasa
81%
Libya 32.89250002 13.18001176 1,110,000 513,225 Tripoli
81%
Sudan 15.58807823 32.53417924 5,550,000 1,606,963 Khartoum
80%
Kenya -1.283346742 36.81665686 5,200,000 667,985 Nairobi
80%
Somalia 2.066681334 45.36667761 1,720,000 1,021,181 Mogadishu
78%
Senegal 14.71583173 -17.47313013 3,300,000 1,800,939 Dakar
77%
Nigeria 9.083333149 7.533328002 2,825,000 340,208 Abuja
75%
Ghana 5.550034606 -0.21671574 4,575,000 411,511 Accra
75%
Madagascar -18.91663735 47.5166239 2,225,000 1,610,906 Antananarivo
75%
Angola -8.838286114 13.23442704 6,800,000 549,102 Luanda
75%
Tanzania -6.800012595 39.26834184 5,300,000 2,453,110 Dar es Salaam
73%
Namibia -22.55941 17.08323 268,132 1,141,872 Windhoek
72%
Djibouti 11.58901 43.14503 623,891 432,179 Djibouti
71%
Zimbabwe -17.81778969 31.04470943 2,325,000 975,717 Harare
70%
Sierra Leone 8.470011412 -13.23421574 1,440,000 127,236 Freetown
69%
South Sudan 4.85165 31.58247 300,000 513,663 Juba
68%
Uganda 0.316658955 32.58332353 3,025,000 503,338 Kampala
68%
Mozambique -25.95527749 32.58916296 2,200,000 456,806 Maputo
66%
Liberia 6.31055666 -10.80475163 1,340,000 359,117 Monrovia
66%
Mali 12.65001467 -8.000039105 2,950,000 920,112 Bamako
65%
South Africa -29.865013 30.98001054 3,225,000 501,780 Durban
65%
Zambia -15.41664427 28.28332759 2,275,000 396,741 Lusaka
65%
Niger 13.51670595 2.116656045 1,120,000 414,968 Niamey
63%
Cameroon 3.866700662 11.51665076 2,725,000 201,779 Yaoundé
63%
Morocco 34.05459963 -5.000377239 1,200,000 169,545 Fez
62%
Chad 12.11309654 15.04914831 1,210,000 710,982 N'Djamena
62%
Guinea 9.531522846 -13.68023503 2,225,000 706,567 Conakry
61%
Gabon 0.39241 9.45356 578,156 405,212 Libreville
61%
Côte d'Ivoire 5.319996967 -4.04004826 5,050,000 832,256 Abidjan
60%
Eritrea 15.33805 38.93184 563,930 436,608 Asmara
60%
Rwanda -1.953590069 30.06053178 1,000,000 376,643 Kigali
60%
Togo 6.131937072 1.222757119 1,820,000 171,912 Lomé
60%
Mauritania 18.08642702 -15.97534041 1,060,000 405,854 Nouakchott
60%
Central African Republic 4.366644306 18.55828813 1,060,000 783,810 Bangui
59%
Guinea-Bissau 11.86357 -15.59767 388,028 331,647 Bissau
59%
Tanzania -6.17221 35.73947 180,541 224,346 Dodoma
59%
Cape Verde 14.93152 -23.51254 113,364 650,488 Praia
59%
Seychelles -4.61667 55.45 22,881 1,085,020 Victoria
59%
Egypt 25.69893 32.6421 422,407 473,856 Luxor
58%
Burkina Faso 12.37031598 -1.524723756 2,100,000 628,382 Ouagadougou
58%
South Africa -33.97003375 25.60002885 1,210,000 662,255 Port Elizabeth
55%
Mauritius -20.16194 57.49889 155,226 880,234 Port Louis
55%
South Africa -29.12106 26.214 463,064 319,370 Bloemfontein
54%
Nigeria 11.99997683 8.5200378 4,125,000 833,706 Kano
53%
Libya 32.11486 20.06859 650,629 652,054 Benghazi
52%
Malawi -13.98329507 33.78330196 1,070,000 515,762 Lilongwe
52%
Morocco 31.6299931 -7.999987428 1,060,000 203,289 Marrakesh
52%
Kenya -4.040026022 39.68991817 1,120,000 308,766 Mombasa
52%
Botswana -24.65451 25.90859 208,411 245,819 Gaborone
49%
Comoros -11.70216 43.25506 42,872 245,753 Moroni
47%
Algeria 35.71000246 -0.61997278 1,340,000 350,007 Oran
46%
Morocco 35.76727 -5.79975 688,356 162,989 Tangier
46%
Burundi -3.3822 29.3644 331,700 175,917 Bujumbura
44%
Equatorial Guinea 3.75 8.78333 155,963 107,470 Malabo
44%
Mali 16.77348 -3.00742 32,460 282,935 Timbuktu
44%
Cameroon 4.060409769 9.709991006 2,825,000 605,368 Douala
40%
Côte d'Ivoire 6.82055 -5.27674 194,530 100,341 Yamoussoukro
40%
Egypt 31.25654 32.28412 538,378 165,373 Port Said
38%
Nigeria 7.380026264 3.929982054 3,150,000 119,471 Ibadan
36%
Egypt 29.97371 32.52627 488,125 123,420 Suez
36%
Nigeria 4.810002257 7.010000772 2,075,000 310,918 Port Harcourt
35%
Sudan 19.61745 37.21644 489,725 296,348 Port Sudan
35%
Egypt 24.09082 32.89942 241,261 180,020 Aswan
34%
Spain 28.09973 -15.41343 381,847 619,788 Las Palmas de Gran Canaria
31%
Democratic Republic of the Congo -11.6800248 27.48001745 1,870,000 422,445 Lubumbashi
31%
Nigeria 6.340477314 5.620008096 1,480,000 219,335 Benin City
30%
Ghana 10.06069 -2.50192 78,107 196,495 Wa
29%
Morocco 30.43998822 -9.620043581 1,090,000 398,237 Agadir
28%
Ghana 6.689990864 -1.630014487 2,675,000 200,908 Kumasi
28%
Tunisia 34.74056 10.76028 277,278 121,493 Sfax
26%
Sierra Leone 7.96472 -11.73833 174,354 174,038 Bo
25%
South Africa -33.01529 27.91162 478,676 239,490 East London
22%
Mali 13.30335 -4.89562 24,811 118,239 San
21%
Zimbabwe -20.15 28.58333 699,385 365,668 Bulawayo
20%
Democratic Republic of the Congo -6.150026429 23.59999589 1,860,000 745,682 Mbuji-Mayi
20%
Tunisia 35.82999514 10.62502559 1,040,000 115,115 Sousse
20%
Republic of the Congo -4.77609 11.86352 659,084 383,664 Pointe-Noire
19%
Malawi -15.78499 35.00854 584,877 239,005 Blantyre
18%
South Africa -33.963 22.46173 174,582 272,571 George
18%
Democratic Republic of the Congo 0.51528 25.19099 539,158 606,513 Kisangani
18%
Namibia -22.9575 14.50528 52,058 268,407 Walvis Bay
18%
Algeria 36.365 6.61472 450,097 173,034 Constantine
17%
Portugal 32.63333 -16.9 100,847 463,209 Funchal
17%
Somalia 9.56 44.065 477,876 245,979 Hargeysa
17%
Nigeria 10.52001548 7.440000365 1,680,000 159,236 Kaduna
17%
Mozambique -19.84361 34.83889 530,604 449,562 Beira
16%
Côte d'Ivoire 7.41251 -7.55383 139,341 135,512 Man
16%
France -20.88231 55.4504 137,195 228,050 Saint-Denis
15%
Tanzania -3.36667 36.68333 341,136 230,843 Arusha
13%
Mali 16.27167 -0.04472 87,000 383,226 Gao
13%
Zambia -17.84194 25.85425 109,203 373,082 Livingstone
13%
Nigeria 11.84996014 13.16001298 1,060,000 207,794 Maiduguri
13%
Tanzania -2.51667 32.9 436,801 315,244 Mwanza
13%
Nigeria 6.140412007 6.779988972 1,070,000 130,261 Onitsha
13%
Niger 16.97333 7.99111 124,324 366,325 Agadez
12%
Angola -12.77611 15.73917 226,145 395,233 Huambo
12%
Morocco 27.16224 -13.20315 196,331 241,611 Laayoune
12%
Ghana 9.40078 -0.8393 360,579 312,203 Tamale
12%
Equatorial Guinea 1.86391 9.76582 173,046 166,381 Bata
11%
Egypt 27.25738 33.81291 95,622 162,336 Hurghada
11%
Democratic Republic of the Congo -5.89624 22.41659 463,546 132,565 Kananga
11%
Ethiopia 9.59306 41.86611 252,279 241,418 Dire Dawa
10%
Botswana -21.16995 27.50788 89,979 159,090 Francistown
10%
Nigeria 9.91667 8.9 816,824 173,327 Jos
10%
South Africa -28.73226 24.76232 142,089 147,963 Kimberley
10%
Mozambique -15.11646 39.2666 388,526 462,921 Nampula
10%
Libya 32.08361 23.97639 121,052 368,858 Tobruk
10%
Burkina Faso 11.17715 -4.2979 360,106 328,692 Bobo-Dioulasso
9%
Côte d'Ivoire 7.69385 -5.03031 567,481 275,742 Bouake
9%
Nigeria 8.5 4.55 814,192 141,477 Ilorin
9%
Botswana -19.98333 23.41667 49,945 349,450 Maun
9%
Nigeria 13.06092 5.23902 563,861 342,067 Sokoto
9%
Algeria 22.785 5.52278 73,128 689,646 Tamanrasset
9%
Angola -14.91717 13.4925 102,541 259,163 Lubango
8%
Namibia -26.64806 15.15944 15,137 296,250 Luderitz
8%
Morocco 34.68052 -1.90764 405,253 160,826 Oujda
8%
Libya 31.20892 16.58866 128,123 191,840 Sirte
8%
Niger 13.80716 8.9881 191,424 175,405 Zinder
8%
Libya 24.20487 23.2857 46,050 746,746 Al Jawf
7%
Egypt 27.18096 31.18368 420,585 219,363 Asyut
7%
Somalia 10.43959 45.01432 242,344 142,472 Berbera
7%
Sudan 13.18421 30.21669 393,311 361,933 El Obeid
7%
Gabon -1.63333 13.58357 42,967 286,277 Franceville
7%
Cameroon 9.30142 13.39771 436,899 282,791 Garoua
7%
Guinea 10.38542 -9.30568 114,009 288,164 Kankan
7%
Angola -12.3644 13.53601 207,932 243,706 Lobito
7%
Tanzania -8.9 33.45 291,649 561,702 Mbeya
7%
Cape Verde 16.89014 -24.98042 70,611 267,728 Mindelo
7%
Kenya -0.28333 36.06667 259,903 138,549 Nakuru
7%
South Africa -25.47448 30.97033 110,159 120,673 Nelspruit
7%
South Africa -23.90448 29.46885 123,749 207,207 Polokwane
7%
Gabon -0.71933 8.78151 109,163 143,904 Port-Gentil
7%
Namibia -17.93333 19.76667 58,172 583,814 Rundu
7%
Madagascar -18.1492 49.40234 206,373 214,439 Toamasina
7%
Senegal 14.85 -15.88333 529,176 162,539 Touba
7%
South Africa -28.44776 21.25612 71,373 344,413 Upington
7%
South Sudan 7.70286 27.9953 127,384 451,363 Wau
7%
Algeria 36.9 7.76667 206,570 118,908 Annaba
6%
Madagascar -19.86586 47.03333 186,253 116,697 Antsirabe
6%
Madagascar -12.2787 49.29171 82,937 497,947 Antsiranana
6%
Morocco 23.68477 -15.95798 75,000 474,519 Dakhla
6%
Morocco 31.5125 -9.77 70,634 100,764 Essaouira
6%
Ethiopia 12.6 37.46667 153,914 111,633 Gondar
6%
Namibia -19.56667 18.11667 24,099 250,909 Grootfontein
6%
Democratic Republic of the Congo -5.04098 18.81619 186,991 267,226 Kikwit
6%
Somalia -0.35817 42.54536 234,852 408,848 Kismayo
6%
Zambia -12.80243 28.21323 400,914 147,584 Kitwe
6%
Mali 14.4843 -4.18296 108,456 366,080 Mopti
6%
South Africa -27.75796 29.9318 404,838 210,882 Newcastle
6%
Benin 9.33716 2.63031 163,753 111,153 Parakou
6%
Mozambique -17.87861 36.88833 188,964 306,295 Quelimane
6%
Senegal 16.01793 -16.48962 176,000 144,693 Saint-Louis
6%
Madagascar -23.35 43.66667 115,319 409,954 Toliara
6%
South Africa -27.97742 26.73506 431,944 136,619 Welkom
6%
Mozambique -25.05194 33.64417 127,366 145,821 Xai-Xai
6%
Spain 28.96302 -13.54769 59,127 202,417 Arrecife
5%
Somalia 11.28421 49.18158 74,287 360,516 Bosaso
5%
Democratic Republic of the Congo -2.49076 28.84281 225,389 114,364 Bukavu
5%
Nigeria 4.9517 8.322 461,796 107,316 Calabar
5%
Kenya 0.52036 35.26992 218,446 125,554 Eldoret
5%
Sudan 13.62793 25.34936 252,609 254,048 El Fasher
5%
Algeria 27.19351 2.46069 49,223 317,066 In Salah
5%
Sudan 15.45099 36.39998 401,477 272,083 Kassala
5%
Namibia -26.58333 18.13333 15,608 371,284 Keetmanshoop
5%
Swaziland -26.49884 31.38004 110,537 123,107 Manzini
5%
Democratic Republic of the Congo 0.04865 18.26034 184,185 477,993 Mbandaka
5%
Chad 8.56667 16.08333 135,167 296,259 Moundou
5%
Tanzania -10.26667 40.18333 96,602 301,690 Mtwara
5%
Malawi -11.46556 34.02071 175,345 277,880 Mzuzu
5%
Mauritania 20.93098 -17.03465 72,337 324,487 Nouadhibou
5%
South Africa -28.78301 32.03768 252,968 154,242 Richards Bay
5%
Libya 27.03766 14.42832 130,000 595,148 Sabha
5%
Côte d'Ivoire 4.74851 -6.6363 196,751 236,321 San-Pedro
5%
South Africa -29.66434 17.8865 10,438 229,846 Springbok
5%
Tanzania -5.06893 39.09875 224,876 121,589 Tanga
5%
Chad 13.82916 20.8324 74,188 179,623 Abeche
4%
Mauritania 20.51686 -13.04986 24,021 251,535 Atar
4%
Sudan 17.70217 33.98638 107,930 278,829 Atbara
4%
Ethiopia 11.59364 37.39077 168,899 309,252 Bahir Dar
4%
Cameroon 5.95266 10.15824 393,835 215,073 Bamenda
4%
Algeria 31.61667 -2.21667 143,382 341,023 Bechar
4%
Cameroon 4.57728 13.68459 218,111 253,183 Bertoua
4%
Democratic Republic of the Congo 2.18771 22.46827 95,520 322,225 Bumba
4%
Democratic Republic of the Congo 2.78582 24.72998 50,130 256,252 Buta
4%
Benin 9.70853 1.66598 237,040 277,140 Djougou
4%
Sudan 11.46186 26.12583 264,734 484,024 El Daein
4%
Libya 24.96472 10.17278 24,347 317,662 Ghat
4%
Nigeria 10.28969 11.16729 250,258 145,053 Gombe
4%
Uganda 2.77457 32.29899 146,858 243,079 Gulu
4%
Democratic Republic of the Congo -8.73861 24.99056 73,557 224,741 Kamina
4%
Benin 11.13417 2.93861 109,701 201,616 Kandi
4%
Zambia -10.21289 31.18084 91,056 288,347 Kasama
4%
Mali 14.44693 -11.44448 78,406 251,418 Kayes
4%
Mauritania 16.61659 -11.40453 40,281 230,313 Kiffa
4%
Democratic Republic of the Congo -2.94373 25.92237 135,698 328,578 Kindu
4%
Democratic Republic of the Congo -10.71484 25.46674 418,000 141,596 Kolwezi
4%
Côte d'Ivoire 9.45803 -5.62961 167,359 205,967 Korhogo
4%
Democratic Republic of the Congo -10.98139 26.73333 422,414 110,828 Likasi
4%
Madagascar -15.71667 46.31667 154,657 376,415 Mahajanga
4%
South Sudan 9.53342 31.66048 160,765 386,554 Malakal
4%
Cameroon 10.59095 14.31592 319,941 174,589 Maroua
4%
Democratic Republic of the Congo -5.79949 13.44068 180,109 208,258 Matadi
4%
Ethiopia 13.49667 39.47528 215,546 211,996 Mekele
4%
Egypt 31.3529 27.23725 62,042 258,877 Mersa Matruh
4%
Libya 32.37535 15.09254 386,120 187,177 Misratah
4%
Angola -15.19611 12.15222 80,149 147,377 Namibe
4%
Mauritania 16.6162 -7.2535 60,000 369,609 Nema
4%
Namibia -17.78333 15.68333 33,618 394,183 Oshakati
4%
South Africa -31.89756 26.87533 105,309 118,050 Queenstown
4%
Morocco 32.29939 -9.23718 288,163 138,271 Safi
4%
Algeria 36.19112 5.41373 288,461 109,615 Setif
4%
Ghana 4.88447 -1.75536 232,919 185,777 Takoradi
4%
Senegal 13.77073 -13.66734 78,800 267,236 Tambacounda
4%
Algeria 27.87429 -0.29388 43,903 162,342 Adrar
3%
South Africa -30.69366 26.71141 44,436 108,988 Aliwal North
3%
Madagascar -25.17838 46.08722 66,818 318,458 Ambovombe
3%
Nigeria 10.31344 9.84327 316,149 112,312 Bauchi
3%
South Africa -32.35671 22.58295 44,737 141,422 Beaufort West
3%
Algeria 34.85038 5.72805 307,987 186,264 Biskra
3%
Democratic Republic of the Congo -0.28163 20.88053 32,091 278,179 Boende
3%
Côte d'Ivoire 6.87736 -6.45022 215,652 180,937 Daloa
3%
South Africa -30.64966 24.0123 32,318 184,386 De Aar
3%
Ethiopia 11.13333 39.63333 136,056 250,017 Dese
3%
Sudan 19.16667 30.48333 13,473 159,377 Dongola
3%
Madagascar -21.45267 47.08569 167,227 175,765 Fianarantsoa
3%
Somalia 6.76972 47.43083 61,200 369,281 Gaalkacyo
3%
Ethiopia 8.25 34.58333 42,366 256,323 Gambela
3%
Kenya -0.45275 39.64601 67,861 293,905 Garissa
3%
Sudan 13.45262 22.44725 162,981 314,736 Geneina
3%
Ethiopia 7.01667 39.98333 34,369 154,155 Goba
3%
Zimbabwe -19.45 29.81667 146,073 150,680 Gweru
3%
Democratic Republic of the Congo -4.33112 20.58638 107,093 211,507 Ilebo
3%
Democratic Republic of the Congo 2.77391 27.61603 127,076 345,634 Isiro
3%
Zambia -14.4469 28.44644 188,979 107,573 Kabwe
3%
Mauritania 16.14653 -13.50474 55,374 263,460 Kaedi
3%
Nigeria 12.98943 7.60063 432,149 147,965 Katsina
3%
Mali 18.44111 1.40778 11,643 285,439 Kidal
3%
South Africa -23.04385 29.90319 86,854 105,137 Louis Trichardt
3%
Angola -9.54015 16.34096 87,046 159,254 Malanje
3%
Kenya -3.21799 40.11692 118,265 102,534 Malindi
3%
Uganda -0.60467 30.64851 97,500 162,586 Mbarara
3%
Angola -14.6585 17.69099 32,203 264,738 Menongue
3%
Chad 12.18441 18.69303 27,763 215,338 Mongo
3%
Zambia -15.24835 23.12741 52,534 408,750 Mongu
3%
Madagascar -20.28869 44.31782 36,803 282,025 Morondava
3%
South Africa -31.58893 28.78443 78,663 178,255 Mthatha
3%
Mozambique -14.56257 40.68538 224,795 164,542 Nacala
3%
Morocco 30.91894 -6.89341 57,245 131,604 Ouarzazat
3%
Mozambique -12.97395 40.51775 108,737 176,693 Pemba
3%
South Africa -23.94299 31.14107 109,468 170,304 Phalaborwa
3%
Tanzania -10.68333 35.65 126,449 197,929 Songea
3%
Tanzania -5.01622 32.82663 145,292 276,518 Tabora
3%
Algeria 35.40417 8.12417 634,332 231,438 Tebessa
3%
Mozambique -16.15639 33.58667 129,316 157,661 Tete
3%
Algeria 27.67111 -8.14744 45,966 237,362 Tindouf
3%
Senegal 12.58333 -16.27194 159,778 108,271 Ziguinchor
3%
Mauritania 22.71873 -12.45205 38,000 374,492 Zouerat
3%
Madagascar -13.2 49.05 56,000 105,248 Ambilobe
2%
Chad 11.0297 20.2827 28,885 294,083 Am Timan
2%
Uganda 3.02013 30.91105 55,585 156,679 Arua
2%
Togo 7.53333 1.13333 80,683 102,339 Atakpame
2%
Democratic Republic of the Congo -3.31687 17.38063 118,211 248,495 Bandundu
2%
Central African Republic 4.26116 15.79216 61,815 236,518 Berberati
2%
Central African Republic 10.28488 22.78818 10,178 286,239 Birao
2%
Nigeria 10.61285 12.19458 95,005 118,016 Biu
2%
South Sudan 6.20593 31.55633 26,782 149,791 Bor
2%
Central African Republic 6.31933 16.37992 40,201 208,218 Bozoum
2%
Somalia 3.84878 47.18064 26,562 220,928 Ceeldheer
2%
Mozambique -19.11639 33.48333 256,936 163,504 Chimoio
2%
South Africa -32.16422 25.61918 32,898 103,078 Cradock
2%
Angola -12.38333 16.93333 113,624 136,844 Cuito
2%
Côte d'Ivoire 5.83739 -5.35723 127,867 109,090 Divo
2%
Algeria 34.67279 3.263 154,265 193,754 Djelfa
2%
Burkina Faso 14.0354 -0.0345 37,806 154,322 Dori
2%
Somalia 7.9803 49.8164 18,904 154,172 Eyl
2%
Chad 17.1832 21.58862 23,786 379,900 Fada
2%
Chad 17.9257 19.10428 13,400 276,258 Faya-Largeau
2%
Namibia -22.45 18.96667 16,321 194,169 Gobabis
2%
South Africa -32.25215 24.53075 62,896 185,549 Graaff-Reinet
2%
Liberia 5.01111 -9.03889 16,434 147,387 Greenville
2%
Nigeria 12.16278 6.66135 226,857 137,043 Gusau
2%
Republic of the Congo 1.61804 18.05981 20,859 174,964 Impfondo
2%
Sudan 11.01667 29.71667 87,666 232,865 Kadugli
2%
Central African Republic 6.98961 19.18744 56,520 253,760 Kaga Bandoro
2%
Democratic Republic of the Congo -4.42741 26.66656 55,118 183,715 Kasongo
2%
Malawi -13.03333 33.48333 42,555 108,402 Kasungu
2%
Namibia -17.5 24.26667 25,027 172,640 Katima Mulilo
2%
Namibia -20.36667 14.96667 12,021 175,779 Khorixas
2%
Tanzania -4.87694 29.62667 164,268 167,834 Kigoma
2%
Guinea 10.05692 -12.86576 117,062 105,930 Kindia
2%
Sudan 13.1629 32.66347 345,068 264,689 Kosti
2%
Guinea 11.31823 -12.28332 58,649 153,378 Labe
2%
Burkina Faso 11.10033 -2.10654 26,884 122,867 Leo
2%
Sierra Leone 8.88333 -12.05 87,679 107,238 Makeni
2%
Nigeria 7.7411 8.5121 292,645 182,593 Makurdi
2%
Madagascar -16.16864 49.76622 41,209 222,583 Mananara
2%
Chad 14.12116 15.3103 18,031 223,953 Mao
2%
Namibia -24.63333 17.96667 13,380 171,312 Mariental
2%
Mozambique -23.85972 35.34722 119,868 217,376 Maxixe
2%
Nigeria 9.61389 6.55694 291,905 120,014 Minna
2%
Tanzania -6.82102 37.66122 250,902 177,665 Morogoro
2%
Central African Republic 8.41091 20.64728 11,764 219,765 Ndele
2%
Malawi -16.91995 35.26199 21,774 128,483 Nsanje
2%
Guinea 7.75624 -8.8179 132,728 144,580 Nzerekore
2%
Namibia -20.46369 16.64772 21,224 182,992 Otjiwarongo
2%
Algeria 31.94932 5.32502 129,402 212,509 Ouargla
2%
Gabon 1.5995 11.57933 30,870 151,526 Oyem
2%
South Africa -30.74137 30.45499 52,793 104,396 Port Shepstone
2%
South Africa -29.66409 22.74742 11,236 163,657 Prieska
2%
Lesotho -30.11537 28.68936 25,573 116,896 Qacha's Nek
2%
South Africa -33.01167 17.9442 68,284 110,595 Saldanha
2%
Cape Verde 16.6 -22.9 17,231 195,948 Santa Maria
2%
Angola -9.66078 20.39155 40,498 361,650 Saurimo
2%
South Africa -27.18871 25.32931 70,214 129,394 Schweizer-Reneke
2%
Mali 13.4317 -6.2157 92,552 141,024 Segou
2%
Botswana -22.38754 26.71077 47,419 125,220 Serowe
2%
Mali 11.31755 -5.66654 144,786 150,254 Sikasso
2%
Niger 14.8888 5.2692 80,425 202,261 Tahoua
2%
Morocco 28.43799 -11.10321 61,924 118,926 Tan-Tan
2%
Algeria 29.26388 0.23098 49,237 351,132 Timimoun
2%
Democratic Republic of the Congo -6.41621 20.79995 267,462 187,944 Tshikapa
2%
South Africa -31.66833 18.50119 14,806 157,925 Vredendal
2%
Libya 29.1614 16.13904 27,590 231,072 Waddan
2%
Kenya 1.7471 40.05732 45,771 247,518 Wajir
2%
Côte d'Ivoire 6.72972 -3.49639 104,020 156,235 Abengourou
1%
Sudan 11.7891 34.3592 186,051 238,907 Ad-Damazin
1%
Nigeria 7.621 5.2215 424,340 122,184 Ado-Ekiti
1%
Algeria 32.75 -0.58333 63,420 181,744 Ain Sefra
1%
Libya 30.75545 20.22626 134,358 151,471 Ajdabiya
1%
Democratic Republic of the Congo 2.73877 23.78326 35,161 105,395 Aketi
1%
Mauritania 17.0481 -13.9209 15,211 109,209 Aleg
1%
Morocco 35.25165 -3.93723 395,644 164,717 Al Hoceima
1%
Egypt 28.10988 30.7503 227,150 111,467 Al Minya
1%
Sudan 14.03493 35.38344 363,945 191,127 Al Qadarif
1%
Madagascar -14.90033 50.27876 34,112 150,730 Antalaha
1%
Ethiopia 6.03333 37.55 69,622 153,097 Arba Minch'
1%
Eritrea 13.00917 42.73944 21,300 136,308 Assab
1%
Chad 13.2154 18.3353 24,074 120,493 Ati
1%
Libya 26.59206 12.78049 42,975 136,164 Awbari
1%
Somalia 3.11383 43.6498 129,839 198,648 Baidoa
1%
Central African Republic 5.76795 20.67565 32,547 168,603 Bambari
1%
Somalia 9.4942 50.8122 13,753 200,102 Bandarbeyla
1%
Central African Republic 4.74132 22.81838 24,361 207,868 Bangassou
1%
Eritrea 15.10582 37.59067 15,891 118,567 Barentu
1%
Democratic Republic of the Congo 1.23909 23.61598 43,709 165,261 Basoko
1%
Ghana 11.0616 -0.24168 56,830 195,021 Bawku
1%
Nigeria 12.45389 4.1975 108,164 131,532 Birnin Kebbi
1%
Democratic Republic of the Congo 3.81461 23.68665 17,860 119,448 Bondo
1%
Central African Republic 6.54233 21.98633 29,027 168,458 Bria
1%
Tanzania -1.33167 31.81222 70,628 152,443 Bukoba
1%
Democratic Republic of the Congo 1.55941 30.25224 96,764 189,788 Bunia
1%
Somalia 9.52212 45.53363 99,270 116,362 Burco
1%
Democratic Republic of the Congo 0.14164 29.29117 154,621 246,555 Butembo
1%
Zimbabwe -17.36667 30.2 61,739 102,626 Chinhoyi
1%
Zambia -13.63333 32.65 85,963 128,386 Chipata
1%
Zimbabwe -21.05 31.66667 28,205 139,916 Chiredzi
1%
Zambia -16.80648 26.95306 46,746 135,198 Choma
1%
Mozambique -14.80306 36.53722 73,268 146,002 Cuamba
1%
Burkina Faso 12.07305 1.78838 26,013 155,692 Diapaga
1%
Republic of the Congo -4.19834 12.66664 103,894 109,663 Dolisie
1%
Niger 13.049 3.1937 49,750 127,343 Dosso
1%
Eritrea 13.93088 41.6938 11,259 152,370 Edd
1%
Algeria 33.68318 1.01927 64,632 110,929 El Bayadh
1%
Algeria 33.35608 6.86319 134,699 196,071 El Oued
1%
Nigeria 12.871 11.0482 125,817 246,040 Gashua
1%
Liberia 6.99556 -9.47222 45,835 110,886 Gbarnga
1%
Democratic Republic of the Congo 3.25651 19.77234 117,639 182,227 Gemena
1%
Algeria 32.49094 3.67347 93,423 163,602 Ghardaia
1%
Morocco 28.98696 -10.05738 98,229 164,967 Guelmim
1%
Liberia 4.375 -7.71694 32,661 126,831 Harper
1%
Ethiopia 7.06205 38.47635 133,097 186,219 Hawassa
1%
Tanzania -7.76667 35.7 111,820 176,386 Iringa
1%
Nigeria 8.88333 11.36667 117,757 128,764 Jalingo
1%
Ethiopia 7.66667 36.83333 128,306 193,332 Jima
1%
Nigeria 9.28333 12.46667 248,148 102,311 Jimeta
1%
Democratic Republic of the Congo -5.94749 29.19471 146,974 127,699 Kalemie
1%
Zimbabwe -16.51667 28.8 25,531 105,932 Kariba
1%
Democratic Republic of the Congo -6.47833 16.81735 20,060 230,801 Kasongo-Lunda
1%
Mali 12.39173 -5.46421 99,353 120,855 Koutiala
1%
Somalia 8.47738 47.35971 60,100 189,020 Laascaanood
1%
Algeria 33.8 2.86514 113,872 103,522 Laghouat
1%
Gabon -0.7001 10.24055 20,714 149,226 Lambarene
1%
Kenya -2.27169 40.90201 24,525 136,271 Lamu
1%
Mozambique -13.31278 35.24056 109,839 173,102 Lichinga
1%
Democratic Republic of the Congo 2.15127 21.51672 70,087 105,927 Lisala
1%
Democratic Republic of the Congo -3.52105 23.6005 68,244 265,839 Lodja
1%
Kenya 3.11911 35.59727 20,219 215,266 Lodwar
1%
Angola -11.78333 19.91667 21,115 240,459 Luena
1%
Gabon 0.57381 12.86419 13,571 182,518 Makokou
1%
Madagascar -22.14862 48.01055 35,499 122,819 Manakara
1%
Zambia -11.19976 28.89431 42,277 162,613 Mansa
1%
Egypt 25.06305 34.89005 10,000 130,717 Marsa Alam
1%
Kenya 2.32839 37.98986 15,361 177,267 Marsabit
1%
Zimbabwe -20.06373 30.82766 76,290 125,869 Masvingo
1%
Uganda 1.08209 34.17503 76,493 129,455 Mbale
1%
Kenya -3.4 38.38333 60,000 116,815 Mbale
1%
Ethiopia 8.3 35.58333 29,648 100,158 Metu
1%
South Africa -25.85 25.63333 76,754 135,304 Mmabatho
1%
Mozambique -13.12556 38.99972 72,279 165,502 Montepuez
1%
Gabon -1.86846 11.05594 22,469 242,990 Mouila
1%
Comoros -12.16672 44.39944 23,594 112,987 Moutsamoudou
1%
Kenya 3.5216 39.05472 34,314 225,679 Moyale
1%
Libya 25.91552 13.91839 43,732 134,322 Murzuq
1%
Zambia -9.34506 28.73396 23,693 205,898 Nchelenge
1%
Cameroon 7.32765 13.58472 231,357 219,264 Ngaoundere
1%
Niger 14.24953 13.10921 17,897 116,535 Nguigmi
1%
Central African Republic 5.39586 26.49211 12,887 155,633 Obo
1%
Côte d'Ivoire 9.50511 -7.56433 49,857 196,923 Odienne
1%
Namibia -21.43333 15.93333 11,547 118,580 Omaruru
1%
Republic of the Congo 1.61361 16.05167 23,915 211,598 Ouesso
1%
Republic of the Congo -0.48193 15.89988 23,952 188,992 Owando
1%
South Africa -28.52423 28.81582 84,258 138,668 Phuthaditjhaba
1%
Algeria 26.71576 0.1714 32,974 136,387 Reggane
1%
Chad 9.1429 18.3923 102,528 261,862 Sagh
1%
Benin 8.03424 2.4866 75,970 105,397 Save
1%
Côte d'Ivoire 7.96111 -6.67306 51,157 114,557 Seguela
1%
Sudan 16.6915 33.4341 53,568 114,326 Shendi
1%
Tanzania -7.96667 31.61667 89,161 226,749 Sumbawanga
1%
Ghana 7.33991 -2.32676 70,299 105,321 Sunyani
1%
Algeria 35.37103 1.31699 178,915 178,338 Tiaret
1%
Angola -7.60874 15.06131 60,008 187,535 Uige
1%
Sudan 14.40118 33.51989 332,714 165,363 Wad Medani
1%
Nigeria 7.85 9.78333 92,933 140,730 Wukari
1%
South Sudan 4.57213 28.39549 40,382 216,880 Yambio
1%
South Sudan 4.09504 30.67792 40,382 121,651 Yei
1%
Morocco 30.33241 -5.8384 35,154 120,246 Zagora
1%
Central African Republic 5.03144 25.13614 14,000 209,731 Zemio
1%
Niger 15.4509 6.2793 13,555 116,426 Abalak
0%
Sudan 11.4562 31.2285 21,790 153,000 Abu Jibeha
0%
Sudan 18.05 30.95 11,626 110,075 Ad Dabbah
0%
Mauritania 19.69694 -14.41639 11,500 169,295 Akjoujt
0%
Egypt 28.34919 28.86591 20,000 180,883 Al Bawiti
0%
Sudan 11.73292 28.35786 11,238 103,126 Al Fulah
0%
Egypt 25.4514 30.54635 67,700 166,808 Al Kharijah
0%
Egypt 30.9745 31.16499 431,052 101,417 Al Mahallah al Kubra
0%
Sudan 11.03333 27.73333 19,997 181,819 Al Mijlad
0%
Madagascar -24.6937 44.74581 25,686 100,270 Ampanihy
0%
Madagascar -17.5876 48.22391 51,519 139,506 Amparafaravola
0%
Madagascar -22.28333 44.51667 25,961 146,859 Ankazoabo
0%
Sudan 12.7 28.43333 108,008 200,789 An Nuhud
0%
Mozambique -16.2325 39.90861 74,624 141,380 Antonio Enes
0%
Madagascar -14.87959 47.98751 21,290 141,451 Antsohihy
0%
Ethiopia 9.08569 40.86708 30,772 123,262 Asbe Teferi
0%
Ethiopia 10.06667 34.53333 30,512 173,896 Asosa
0%
South Sudan 8.76816 27.40019 38,745 134,835 Aweil
0%
Niger 14.73075 0.91738 26,290 128,291 Ayorou
0%
Mauritania 16.6614 -9.6149 12,635 190,995 'Ayoun el 'Atrous
0%
Somalia 2.34464 42.27644 42,240 174,797 Baardheere
0%
Tanzania -4.21667 35.75 34,291 129,888 Babati
0%
Cameroon 4.75 11.23333 69,270 102,614 Bafia
0%
Cameroon 6.75 11.81667 40,798 140,999 Banyo
0%
Central African Republic 7.30082 18.2833 15,310 105,636 Batangafo
0%
Somalia 4.73583 45.20361 55,410 248,892 Beledweyne
0%
Nigeria 7.85868 10.97187 17,467 121,380 Beli
0%
Somalia 11.87037 51.05795 11,262 136,526 Bereeda
0%
Chad 12.3807 17.0568 14,723 133,486 Bokoro
0%
Democratic Republic of the Congo -2.158 16.23249 27,862 122,123 Bolobo
0%
Democratic Republic of the Congo 4.1898 19.8833 14,553 103,936 Bosobolo
0%
Central African Republic 6.49263 17.45518 27,428 120,489 Bossangoa
0%
Mali 11.41769 -7.48323 35,450 147,478 Bougouni
0%
Côte d'Ivoire 9.26926 -2.9951 23,570 102,919 Bouna
0%
Chad 10.48473 16.71076 13,555 128,695 Bousso
0%
Democratic Republic of the Congo -9.2 25.85 38,770 107,407 Bukama
0%
Democratic Republic of the Congo 3.33863 20.88577 28,919 104,795 Businga
0%
Somalia 3.85375 45.56744 16,928 105,572 Buulobarde
0%
Angola -13.78333 14.68333 30,300 159,709 Caluquembe
0%
Somalia 10.61616 47.36795 33,853 211,564 Ceerigaabo
0%
Tanzania -5.41667 38.01667 30,905 116,937 Chanika
0%
Zambia -10.54142 32.08162 14,015 105,125 Chinsali
0%
Zimbabwe -20.18833 32.62364 18,860 134,882 Chipinge
0%
Zimbabwe -19.02112 30.89218 10,369 113,281 Chivhu
0%
South Africa -28.18873 23.53951 10,123 103,648 Danielskuil
0%
Libya 32.76704 22.63669 78,782 147,039 Darnah
0%
Ethiopia 9.67954 39.53262 57,787 112,655 Debre Birhan
0%
Ethiopia 10.35 37.73333 59,920 142,569 Debre Mark'os
0%
Burkina Faso 12.46338 -3.46075 45,341 121,673 Dedougou
0%
Sudan 12.05 29.65 37,113 114,537 Dilling
0%
Niger 13.63933 4.02875 31,767 111,575 Dogondoutchi
0%
Ethiopia 11.73292 41.082 26,370 162,891 Dubti
0%
Cameroon 2.9 11.15 87,875 114,395 Ebolowa
0%
Niger 14.3521 3.3168 11,677 110,159 Filingue
0%
Somalia 8.40207 48.48284 57,300 123,961 Garoowe
0%
Democratic Republic of the Congo 4.279 21.00284 50,493 177,387 Gbadolite
0%
Sudan 21.06667 36.31667 11,095 185,924 Gebeit
0%
Ethiopia 9.17031 35.83491 31,809 171,258 Gimbi
0%
Zimbabwe -18.20476 28.9349 18,942 104,646 Gokwe
0%
Somalia 5.3505 48.5268 12,564 198,372 Hobyo
0%
Uganda 1.43314 31.35241 39,625 123,222 Hoima
0%
Tanzania -8.13333 36.68333 49,528 115,754 Ifakara
0%
Madagascar -22.40293 46.12576 16,990 104,502 Ihosy
0%
Ethiopia 14.10307 38.28289 50,078 128,725 Inda Silase
0%
Democratic Republic of the Congo -1.9275 18.2881 40,113 110,054 Inongo
0%
Tanzania -6.71667 32.06667 11,790 101,386 Inyonga
0%
Guinea 10.66667 -14.6 61,527 160,202 Kamsar
0%
Zambia -14.78333 24.8 14,212 187,088 Kaoma
0%
Senegal 12.5579 -12.1743 17,922 133,713 Kedougou
0%
Tanzania -7.72178 38.93749 30,163 105,894 Kibiti
0%
Tanzania -7.41667 30.6 33,111 127,595 Kirando
0%
Mali 12.88333 -9.95 12,985 111,168 Kokofata
0%
Senegal 12.88333 -14.95 58,809 132,993 Kolda
0%
Mali 13.5728 -8.0339 48,774 102,155 Kolokani
0%
Democratic Republic of the Congo -5.38532 27.00028 31,943 112,209 Kongolo
0%
Nigeria 10.39989 5.46949 98,754 147,555 Kontagora
0%
Ethiopia 12.50583 39.52278 30,633 109,738 Korem
0%
Uganda 2.98056 34.13306 18,800 142,401 Kotido
0%
Guinea 12.48333 -13.3 13,990 102,110 Koundara
0%
Sudan 18.55 31.85 19,593 232,986 Kuraymah
0%
South Sudan 8.30179 30.14179 10,486 173,160 Leer
0%
Botswana -21.41494 25.59263 18,136 157,948 Letlhakane
0%
Tanzania -9.76667 37.93333 19,296 129,806 Liwale
0%
Spain 28.65851 -17.91821 20,766 122,270 Los Llanos de Aridane
0%
Angola -10.70727 22.22466 18,465 231,829 Luau
0%
Democratic Republic of the Congo -5.38771 25.74885 43,068 147,096 Lubao
0%
Angola -8.41915 20.74466 20,115 142,708 Lucapa
0%
Democratic Republic of the Congo -1.06046 17.1821 15,000 156,011 Lukolela
0%
Democratic Republic of the Congo -4.97503 23.44391 41,416 129,402 Lusambo
0%
Madagascar -19.9 48.8 39,879 157,889 Mahanoro
0%
Madagascar -18.06354 44.02951 16,000 188,909 Maintirano
0%
Tanzania -8.85 34.83333 53,003 140,324 Makumbako
0%
Kenya 3.93726 41.85688 36,076 182,178 Mandera
0%
Democratic Republic of the Congo -4.02328 19.53385 37,188 118,253 Mangai
0%
Malawi -14.47815 35.26448 40,236 100,617 Mangochi
0%
Kenya 1.09679 36.69799 20,841 122,292 Maralal
0%
South Sudan 4.91584 29.47415 14,224 125,558 Maridi
0%
Uganda -0.33379 31.73409 65,373 110,682 Masaka
0%
Angola -6.26703 14.2401 24,220 102,497 Mbanza Congo
0%
Democratic Republic of the Congo -5.25837 14.85838 86,356 113,371 Mbanza-Ngungu
0%
Cameroon 6.51667 14.3 80,100 119,550 Meiganga
0%
Tanzania -5.95 34.13333 23,718 139,911 Mgandu
0%
Tunisia 33.80813 10.99228 120,000 105,615 Midoun
0%
Tanzania -8.8 35.81667 34,970 108,319 Mlimba
0%
Mozambique -11.31667 40.35 27,909 117,565 Mocimboa
0%
Republic of the Congo -2.94968 12.70423 18,231 108,186 Mossendjo
0%
Chad 13.64084 16.49007 15,190 109,013 Moussoro
0%
Tanzania -6.34379 31.06951 73,338 189,379 Mpanda
0%
Zambia -11.83431 31.45287 28,445 181,800 Mpika
0%
Zambia -14.98293 27.0619 19,086 121,477 Mumbwa
0%
Tanzania -1.5 33.8 121,119 150,543 Musoma
0%
Democratic Republic of the Congo -4.85187 21.5595 50,675 122,377 Mweka
0%
Zambia -11.73584 24.42926 13,798 159,972 Mwinilunga
0%
Libya 31.86848 10.9812 26,256 120,361 Nalut
0%
Angola -9.29782 14.91162 383,100 191,262 N'dalatando
0%
Tanzania -10.95 39.28333 38,099 115,293 Newala Kisimani
0%
Tanzania -5.10917 31.04194 39,135 136,565 Nguruka
0%
Angola -7.23116 12.8666 18,352 133,137 Nzeto
0%
Burkina Faso 13.58278 -2.42158 61,096 147,293 Ouahigouya
0%
Chad 13.2954 19.6966 19,271 136,381 Oum Hadjer
0%
Central African Republic 7.24269 16.44059 18,441 102,334 Paoua
0%
Zambia -14.24264 31.3253 19,296 158,229 Petauke
0%
Central African Republic 4.95 23.91667 13,459 123,993 Rafai
0%
South Sudan 6.80619 29.67742 32,083 210,573 Rumbek
0%
Mali 12.2 -10.7 15,830 135,519 Sagalo
0%
Nigeria 8.66667 3.38333 178,677 108,764 Saki
0%
Ghana 8.55083 -0.51875 25,472 100,397 Salaga
0%
Mauritania 15.15895 -12.1829 18,424 111,916 Selibabi
0%
Ethiopia 9.56667 37.1 15,354 104,658 Shambu
0%
Tanzania -3.66393 33.42118 107,362 139,463 Shinyanga
0%
Central African Republic 5.71801 19.07389 34,267 141,184 Sibut
0%
Guinea 11.42282 -9.16852 43,601 115,727 Siguiri
0%
Tanzania -4.81629 34.74358 62,432 186,175 Singida
0%
Morocco 26.73841 -11.67194 42,056 159,132 Smara
0%
Angola -6.1349 12.36894 67,491 124,325 Soio
0%
Angola -11.20605 13.84371 33,277 132,453 Sumbe
0%
Niger 14.97089 8.88786 15,204 129,212 Tanout
0%
Gabon -2.85 11.03333 19,365 108,564 Tchibanga
0%
Côte d'Ivoire 10.48115 -6.40694 39,277 122,928 Tengrela
0%
Morocco 31.51472 -5.53278 36,795 119,536 Tinghir
0%
Ethiopia 7.2 35.45 24,169 122,540 Tippi
0%
Angola -11.35669 15.11719 10,970 140,037 Uacu Cungo
0%
Sudan 13.60169 26.68759 10,979 144,841 Umm Kaddadah
0%
Sudan 12.9061 31.2158 55,742 112,651 Umm Ruwaba
0%
Tanzania -3.49194 31.96389 95,052 149,864 Ushirombo
0%
Madagascar -23.55 47.5 27,000 163,799 Vohipaho
0%
Democratic Republic of the Congo 3.03716 29.53551 24,516 152,924 Watsa
0%
Somalia 4.12129 43.88945 12,500 114,541 Xuddur
0%
Cameroon 10.34107 15.23288 80,235 104,124 Yagoua
0%
Cameroon 3.51667 15.05 13,287 110,006 Yokadouma
0%
Sudan 12.9096 23.47406 28,687 126,488 Zalingei
0%
No matching quizzes found
Score Distribution
Percent of People with Each Score
Percentile by Number Answered
Your Score History
You have not taken this quiz